00710cam a2200229 a 45000010008000000030004000080050017000120080041000290100017000700200015000870400018001020500023001200820021001431000030001642450109001942600053003033000021003566500036003776500028004136500020004416500019004613472730OSt20181219124247.0930105s1992 oku 000 0 eng  a 93100576  a0892765178 aDLCcDLCdDLC00aBV601.2b.H34 199200a262.1220bH145H1 aHagin, Kenneth E.,d1917-10aHe gave gifts unto men :ba biblical perspective of apostles, prophets, and pastors /cKenneth E. Hagin. aTulsa, OK :bFaith Library Publications,cc1992. a276 p. ;c22 cm. 0aApostolate (Christian theology) 0aProphecyxChristianity. 0aClergyxOffice. 0aChurch polity.